000 00326nam a2200133Ia 4500
005 20251222144814.0
008 251222s9999||||xx |||||||||||||| ||spa||
020 _a978-3-8365-2094-2
082 _a745.2/R36
100 _aReis, Dalcacio
245 0 _aProduct Design in The Sustainable Era
264 _bTaschen
942 _cLIB
999 _c20211
_d20211